Národný program reforiem SR na roky 2008-2010
Modernizačný program Slovensko 21. ako základné východisko Národného programu reforiem pre nové programové obdobie. Implementácia Lisabonských opatrení. Makroekonomický rámec, fiškálna politika a financovanie NRP SR. Reformné opatrenia na 2008-2010.
Saved in:
| Format: | Book Chapter |
|---|---|
| Language: | Slovak |
| Subjects: | |
| Tags: |
No Tags, Be the first to tag this record!
|
MARC
| LEADER | 00000naa$a2200000$$$4500 | ||
|---|---|---|---|
| 001 | 0086509 | ||
| 005 | 20231106074122.8 | ||
| 041 | 0 | |a slo | |
| 044 | |a SK | ||
| 245 | 1 | 0 | |a Národný program reforiem SR na roky 2008-2010 |
| 520 | |a Modernizačný program Slovensko 21. ako základné východisko Národného programu reforiem pre nové programové obdobie. Implementácia Lisabonských opatrení. Makroekonomický rámec, fiškálna politika a financovanie NRP SR. Reformné opatrenia na 2008-2010. | ||
| 610 | 2 | 0 | |a Slovensko |
| 610 | 2 | 0 | |a programy |
| 610 | 2 | 0 | |a reformy |
| 610 | 2 | 0 | |a 2008-2010 |